Harry Potter By Numbers Quiz Stats

Quiz Updated May 31, 2015

Challenge
Share
Tweet
Embed
Score 0/55 Timer 07:00
0 Plays Today
% Correct
Ron
96.2%
Ginny
94.9%
Fred
94.5%
George
94.5%
J.K. Rowling
94.5%
Percy
91.9%
Severus Snape
91.8%
Nearly Headless Nick
91.2%
Seeker
90.3%
Remus Lupin
89.4%
Molly
89.2%
Bill
89.2%
Arthur
87%
Charlie
86.9%
Keeper
86.2%
Invisibility Cloak
85.8%
Barty Crouch Jr. (posing as Mad-Eye Moody)
84.9%
Gilderoy Lockhart
84.8%
Quirinus Quirrell
84.6%
Potions
84.1%
Beater
83.7%
Elder Wand
83.3%
Sirius Black (dog)
82.7%
Dolores Umbridge
82.3%
Resurrection Stone
81.4%
Defense Against the Dark Arts
80.5%
Peter Pettigrew (rat)
79.1%
Bloody Baron
77.5%
% Correct
Minerva McGonagall (cat)
77.4%
James Potter (stag)
75.6%
Chaser
74.1%
A Beginner's Guide to Transfiguration
72.7%
Transfiguration
72.5%
Gray Lady
71.7%
Charms
71.6%
Rita Skeeter (beetle)
66.8%
Herbology
66.4%
The Three Broomsticks
64.6%
Amycus Carrow
64.2%
History of Magic
62.9%
A History of Magic
62.5%
The Hog's Head
60.5%
Moaning Myrtle
57.9%
Fat Friar
57.9%
Care of Magical Creatures
53.5%
Arithmancy
52.8%
Study of Ancient Runes
51.8%
Astronomy
46.1%
Cuthbert Binns
26.8%
The Standard Book of Spells, Grade 1
21.8%
Fantastic Beasts and Where to Find Them
17.5%
One Thousand Magical Herbs and Fungi
12.2%
Magical Theory
7.9%
Magical Drafts and Potions
7.8%
The Dark Forces: A Guide to Self-Protection
7.5%

You're not logged in!

Compare scores with friends on all Sporcle quizzes.
Sign Up with Email
OR
Log In

You Might Also Like...

Show Comments

Extras

Top Quizzes Today


Score Distribution

Your Account Isn't Verified!

In order to create a playlist on Sporcle, you need to verify the email address you used during registration. Go to your Sporcle Settings to finish the process.